| 000 | 01027nam a22002537a 4500 | ||
|---|---|---|---|
| 999 |
_c63947 _d63947 |
||
| 005 | 20240530110707.0 | ||
| 008 | 180122s2016 ua g b 000 0 ara d | ||
| 017 |
_a2015/19769 _bمصر. دار الكتب |
||
| 020 | _a9789777611329 | ||
| 040 |
_aEG-CaGPL _cEG-CaGPL |
||
| 082 | 0 | 7 |
_221 _a341.481 / _bد د |
| 100 | 0 | _aده شتى صديق محمد | |
| 245 | 1 | 0 |
_aدور المنظمات غير الحكومية فى ضمان حقوق الانسان : _bدراسة تطبيقية / _cده شتى صديق محمد |
| 250 | _aط. 1 | ||
| 260 |
_aالقاهرة : _bالمركز القومى للاصدارات القانونية، _c2016. |
||
| 300 |
_a188 ص. ؛ _c24 سم. |
||
| 504 | _aيشتمل على ارجاعات ببليوجرافية | ||
| 650 | 0 | 7 |
_2qrmak _aالحقوق المدنية _xقوانين وتشريعات |
| 650 | 0 | 7 |
_2qrmak _aحقوق الانسان |
| 650 | 0 | 7 |
_2qrmak _aالقانون الدستورى |
| 651 | _2qrmak | ||
| 942 |
_2ddc _cBK |
||